| 000 | 00618nam a2200181Ia 4500 | ||
|---|---|---|---|
| 008 | 090124s9999 xx 000 0 und d | ||
| 082 | _b26152 | ||
| 100 | _aकेळकर भालबा | ||
| 245 | _a दुकानदाराची गरज नाही | ||
| 250 | _a0 | ||
| 260 |
_bनिर्मल प्रकाशन _c1987 |
||
| 300 | _a158 | ||
| 600 | _aकेळकर भालबा | ||
| 630 | _a दुकानदाराची गरज नाही | ||
| 700 | _aकेळकर भालबा | ||
| 730 | _a दुकानदाराची गरज नाही | ||
| 942 | _cBOOK | ||
| 999 |
_c93937 _d93937 |
||